| 000 | 00347nam a22001577a 4500 | ||
|---|---|---|---|
| 003 | SGT | ||
| 020 | _a978-81-7660-350-8 | ||
| 082 |
_a615 _bP19C |
||
| 100 | _aCHOURASIA ASHISH | ||
| 245 | _aA PRACTICAL BOOK ON PHARMACOLOGY- I | ||
| 250 | _a1ST | ||
| 260 |
_aPUNE _bEVEREST PUB _c2019 |
||
| 300 | _a88 | ||
| 650 | _aPHARMACY | ||
| 942 |
_2ddc _cBK _04 |
||
| 999 |
_c19372 _d19372 |
||